Top 10 Southampton Premier League Most Assists - Statistics

General Stats
  • This quiz has been taken 64 times
    51 since last reset
  • The average score is 5 of 12
Answer Stats
Player Assists % Correct
James Ward-Prowse 34
93%
Matt Le Tissier 72
73%
Shane Long 15
48%
Dušan Tadić 28
43%
Nathan Redmond 20
40%
James Beattie 21
38%
Rickie Lambert 15
33%
Steven Davis 17
28%
Marians Pahars 16
23%
Jason Dodd 21
15%
Matt Oakley 16
13%
Iain Dowie 15
8%
No matching quizzes found
Score Distribution
Percent of People with Each Score
Percentile by Number Answered
Your Score History
You have not taken this quiz since the last reset